[Event "Bogny / Blagny N4 - 2013"]
[Site "?"]
[Date "2013.01.13"]
[Round "4.2"]
[White "Dubuisson, Thomas"]
[Black "Leghbali, Sophiane"]
[Result "1/2-1/2"]
[WhiteElo "1992"]
[BlackElo "1894"]
[PlyCount "84"]
[EventDate "2013.01.13"]
[SourceDate "2013.01.13"]

1. e4 e6 2. d4 d5 3. e5 c5 4. c3 Nc6 5. Nf3 Bd7 6. Bd3 cxd4 7. cxd4 Nb4 8. Be2
Rc8 9. Nc3 Ne7 10. O-O Nf5 11. a3 Nc6 12. Na4 Be7 13. b4 O-O 14. Bb2 Rc7 15.
Rc1 Qc8 16. Nc5 Nb8 17. Qd2 b6 18. Nxd7 Qxd7 19. Rxc7 Qxc7 20. Rc1 Qb7 21. Qc2
Rd8 22. b5 Bf8 23. g4 Ne7 24. h4 Rc8 25. Qd3 Ng6 26. Qe3 Be7 27. h5 Nf8 28. Bd3
Nbd7 29. Rf1 f6 30. exf6 Nxf6 31. Ne5 Bd6 32. f3 Qb8 33. Kg2 Qb7 34. Rh1 Qe7
35. g5 N6d7 36. Nc6 Qf7 37. g6 Qf6 38. h6 Nxg6 39. hxg7 Bf4 40. Qe2 Kxg7 41.
Kf1 Ndf8 42. Ne5 Bc1 1/2-1/2

[Event "Bogny / Blagny N4 - 2013"]
[Site "?"]
[Date "2013.01.13"]
[Round "4.3"]
[White "Alcidi, Valentin"]
[Black "Glod, Philippe"]
[Result "1/2-1/2"]
[WhiteElo "1826"]
[BlackElo "1904"]
[PlyCount "85"]
[EventDate "2013.01.13"]
[SourceDate "2013.01.13"]

1. d4 Nf6 2. c4 g6 3. Nc3 Bg7 4. e4 d6 5. Nf3 O-O 6. Be2 e5 7. d5 a5 8. a4 Na6
9. O-O Nd7 10. Bg5 f6 11. Bd2 Ndc5 12. Ne1 f5 13. f3 f4 14. Nd3 h5 15. Nf2 Bf6
16. Na2 b6 17. b4 axb4 18. Nxb4 Bd7 19. Nxa6 Rxa6 20. a5 Qa8 21. axb6 cxb6 22.
Qb1 Qa7 23. Bc3 Ra8 24. Rxa6 Qxa6 25. Qa1 Qa2 26. Rb1 Bd8 27. Nd3 Kf7 28. Nb4
Qa3 29. Nc2 Qa2 30. Nb4 Qxa1 31. Rxa1 Rxa1+ 32. Bxa1 Ba4 33. Bb2 Bh4 34. Nd3
Nxd3 35. Bxd3 Be1 36. Ba3 Ke7 37. Kf1 Bc3 38. g3 g5 39. gxf4 exf4 40. Be2 Bd7
41. Kg2 Bd4 42. Bc1 Kf6 43. Bd2 1/2-1/2

[Event "Bogny / Blagny N4 - 2013"]
[Site "?"]
[Date "2013.01.13"]
[Round "4.4"]
[White "Peltriaux, Guillaume"]
[Black "Flamant, Jacky"]
[Result "1-0"]
[WhiteElo "1861"]
[BlackElo "1782"]
[PlyCount "55"]
[EventDate "2013.01.13"]
[SourceDate "2013.01.13"]

1. e4 e6 2. d3 d5 3. Qe2 Nf6 4. Nf3 Be7 5. g3 O-O 6. Bg2 b6 7. O-O dxe4 8. dxe4
Ba6 9. c4 c6 10. Nc3 b5 11. e5 Nfd7 12. cxb5 cxb5 13. Nxb5 Nc6 14. Rd1 Qc8 15.
Bf4 Rb8 16. a4 Nb6 17. Qc2 Nxa4 18. Nd6 Bxd6 19. Ng5 g6 20. exd6 Nxb2 21. d7
Qd8 22. Rxa6 Nxd1 23. Bxc6 Rb6 24. Rxa7 e5 25. Ra8 Rb8 26. Rxb8 Qxb8 27. Bc1
Qd6 28. Ba4 1-0

[Event "Bogny / Blagny N4 - 2013"]
[Site "?"]
[Date "2013.01.13"]
[Round "4.5"]
[White "Prioux, Michel"]
[Black "Baret, Benoit"]
[Result "1-0"]
[WhiteElo "1779"]
[BlackElo "1720"]
[PlyCount "87"]
[EventDate "2013.01.13"]
[SourceDate "2013.01.13"]

1. c4 Nf6 2. Nc3 c5 3. Nf3 Nc6 4. g3 g6 5. Bg2 Bg7 6. O-O O-O 7. d3 b6 8. Rb1
Bb7 9. a3 d6 10. Qc2 Rb8 11. b4 Re8 12. h3 Qd7 13. Kh2 Rbd8 14. e4 e6 15. Bg5
Ne7 16. e5 dxe5 17. Nxe5 Qc7 18. Bxb7 Qxe5 19. Be3 cxb4 20. axb4 Qc7 21. Bg2
Nf5 22. Nb5 Qd7 23. Rfd1 Nxe3 24. fxe3 a6 25. Nd4 Bh6 26. Bc6 Qd6 27. Bxe8 Rxe8
28. Qf2 Bg7 29. Nb3 Nd7 30. d4 Rb8 31. Rf1 f5 32. c5 Qc6 33. Qf3 Rc8 34. Qxc6
Rxc6 35. Kg2 Nf6 36. Nd2 bxc5 37. bxc5 e5 38. Rb6 Rxb6 39. cxb6 Nd7 40. b7 exd4
41. exd4 Bxd4 42. Nc4 Ba7 43. Na5 Bb8 44. Rd1 1-0

[Event "Bogny / Blagny N4 - 2013"]
[Site "?"]
[Date "2013.01.13"]
[Round "4.6"]
[White "Fourcart, Marc"]
[Black "Charbau, Yanick"]
[Result "1/2-1/2"]
[WhiteElo "1691"]
[BlackElo "1840"]
[PlyCount "20"]
[EventDate "2013.01.13"]
[SourceDate "2013.01.13"]

1. e4 c5 2. Nf3 Nc6 3. d4 cxd4 4. Nxd4 Nf6 5. Nc3 e5 6. Ndb5 d6 7. Bg5 a6 8.
Na3 (8. Bxf6 gxf6 9. Na3 b5 10. Nd5 f5 {le petit roque est interdit cause TG8})
8... b5 9. Nd5 Qa5+ 10. Bd2 (10. c3 Nxe4 11. b4 (11. Be3 Rb8 {pour controler B6
} 12. Bd3 f5) 11... Qxa3 12. Nc7+ Kd7 13. Nxa8 {et je suis mort}) 10... Qd8
1/2-1/2

[Event "Bogny / Blagny N4 - 2013"]
[Site "?"]
[Date "2013.01.13"]
[Round "4.7"]
[White "Renard, Luc"]
[Black "Romain, Adeline"]
[Result "0-1"]
[WhiteElo "1734"]
[BlackElo "1750"]
[PlyCount "54"]
[EventDate "2013.01.13"]
[SourceDate "2013.01.13"]

1. d4 d5 2. Nf3 Nf6 3. e3 g6 4. Bd3 Bg7 5. b3 O-O 6. Bb2 Bg4 7. Nbd2 Re8 8. h3
Bxf3 9. Nxf3 Nbd7 10. O-O e6 11. Qe2 c6 12. c4 Qc7 13. Qc2 Rac8 14. Rac1 Qb8
15. Qb1 Bh8 16. Rfd1 Nh5 17. cxd5 cxd5 18. Bb5 Red8 19. Rxc8 Qxc8 20. Rc1 Qb8
21. Qc2 a6 22. Be2 Ndf6 23. Ne5 Ne4 24. Bxh5 Bxe5 25. dxe5 gxh5 26. f3 Ng3 27.
Qc7 Ne2+ 0-1

[Event "Bogny / Blagny N4 - 2013"]
[Site "?"]
[Date "2013.01.13"]
[Round "4.8"]
[White "Beaudiot, Alain"]
[Black "Gervaise, Marina"]
[Result "1-0"]
[WhiteElo "1585"]
[BlackElo "1650"]
[Annotator ",Microsoft"]
[PlyCount "77"]
[EventDate "2013.01.13"]
[SourceDate "2013.01.13"]

1. Nf3 Nc6 2. b3 e5 3. d3 d5 4. e3 Bg4 5. Be2 Nf6 6. Bb2 Bd6 7. Nbd2 O-O 8. O-O
Re8 9. a3 e4 10. dxe4 dxe4 11. Ng5 Bxe2 12. Qxe2 Be5 13. c3 h6 14. Nh3 Ne7 15.
Rad1 Qc8 16. Nc4 Qe6 17. Nxe5 Qxe5 18. c4 Qf5 19. Nf4 Rad8 20. Rxd8 Rxd8 21.
Rd1 Rxd1+ 22. Qxd1 Qd7 23. Qxd7 Nxd7 24. b4 c6 25. Bd4 a6 26. g4 g6 27. Kg2 f5
28. Kg3 Kf7 29. f3 exf3 30. Kxf3 fxg4+ 31. Kxg4 Nf6+ 32. Bxf6 Kxf6 33. e4 Ke5
34. Kf3 Kd4 35. c5 Kc3 36. Ke3 Kb3 37. e5 Kxa3 38. Nd3 Kb3 39. Ke4 {
Tombé des noirs} 1-0

[Event "Epernay/Chaumont"]
[Site "?"]
[Date "2013.01.27"]
[Round "5"]
[White "Defrance, Laurent"]
[Black "Picard, Serge"]
[Result "1-0"]
[WhiteElo "2128"]
[BlackElo "2104"]
[PlyCount "43"]
[EventDate "2013.01.28"]
[SourceDate "2013.01.28"]

1. d4 d5 2. c4 c6 3. cxd5 cxd5 4. Nc3 Nf6 5. Nf3 Nc6 6. Bf4 Bf5 7. e3 Qb6 8.
Bd3 Qxb2 9. O-O Qxc3 10. Bxf5 e6 11. Bd3 Ba3 12. Rb1 O-O 13. Rb3 Qa5 14. Rxb7
Rfc8 15. Qb3 Bf8 16. Ne5 Nd8 17. Rb5 Qd2 18. Qb1 h6 19. Rd1 Qc3 20. h3 Ne8 21.
Rb3 Qc7 22. Bh7+ 1-0

[Event "Epernay/Chaumont"]
[Site "?"]
[Date "2013.01.27"]
[Round "5"]
[White "Da Costa, Manuel"]
[Black "Durant, Christophe"]
[Result "0-1"]
[WhiteElo "1886"]
[BlackElo "1938"]
[PlyCount "120"]
[EventDate "2013.01.28"]
[SourceDate "2013.01.28"]

1. b3 d5 2. Bb2 Nf6 3. e3 Bf5 4. f4 e6 5. Nf3 Nbd7 6. d3 Bc5 7. Bd4 Bg4 8. Bxc5
Nxc5 9. Be2 Bxf3 10. Bxf3 Qe7 11. Nd2 Rd8 12. O-O O-O 13. Re1 Qd6 14. g3 Na6
15. a3 Rfe8 16. Nf1 h6 17. Kg2 e5 18. fxe5 Rxe5 19. Qd2 c6 20. b4 Nc7 21. Rad1
d4 22. exd4 Qxd4 23. Rxe5 Qxe5 24. Re1 Qd6 25. Ne3 Ne6 26. Nf5 Qd7 27. Qf2 a6
28. Qb6 Nd5 29. Qf2 Nef4+ 30. gxf4 Nxf4+ 31. Kh1 Qxf5 32. Be4 Qf6 33. Rf1 Nd5
34. Qg1 Qg5 35. Qa7 Qe7 36. Qf2 Nf6 37. Qh4 Re8 38. Bg2 Qe2 39. Qg3 Nd5 40. Qf3
Qxf3 41. Bxf3 Re5 42. Bxd5 Rxd5 43. Re1 Kf8 44. Re3 Rg5 45. c4 f6 46. d4 Rg4
47. Rd3 Ke7 48. h3 Re4 49. Kg2 g5 50. Kf3 Rf4+ 51. Kg3 Re4 52. a4 f5 53. b5
cxb5 54. axb5 axb5 55. c5 Kd7 56. Kf3 Kc7 57. d5 b4 58. d6+ Kd7 59. Rd5 b3 60.
Rd3 Rb4 0-1

[Event "Epernay/Chaumont"]
[Site "Epernay"]
[Date "2013.01.27"]
[Round "5"]
[White "Kerlau, Gildas"]
[Black "Tatard, Marie"]
[Result "1/2-1/2"]
[WhiteElo "1805"]
[BlackElo "1855"]
[PlyCount "87"]
[EventDate "2013.01.13"]
[EventType "team"]
[SourceDate "2010.10.24"]
[WhiteTeam "Chaumont"]
[BlackTeam "Epernay"]

1. d4 Nf6 2. c4 g6 3. Nc3 Bg7 4. e4 d6 5. f4 O-O 6. Nf3 c5 7. d5 a6 8. a4 Re8
9. Be2 Nbd7 10. O-O Nf8 11. h3 e6 12. e5 dxe5 13. fxe5 N6d7 14. Bg5 f6 15. exf6
Nxf6 16. Qd2 exd5 17. cxd5 Bf5 18. Bc4 Qd7 19. Rae1 Rxe1 20. Rxe1 Re8 21. d6+
Be6 22. Ne5 Qd8 23. Qf4 Qxd6 24. Bxf6 Bxf6 25. Qxf6 Qd4+ 26. Qf2 Bxc4 27. Qxd4
cxd4 28. Nb1 Bb3 29. a5 Rc8 30. Nd2 Bd5 31. Ndf3 Rc2 32. Rd1 Ne6 33. Rd2 Rxd2
34. Nxd2 Nc5 35. b4 Ne4 36. Ndf3 Nd6 37. Nxd4 Nc4 38. Nxc4 Bxc4 39. Kf2 Kf7 40.
g3 Kf6 41. Ke3 Ke5 42. Nf3+ Kd5 43. Nd2 Bb5 44. h4 1/2-1/2

[Event "Epernay/Chaumont"]
[Site "?"]
[Date "2013.01.27"]
[Round "5"]
[White "Voguet, Francois"]
[Black "Vilmin, Jean Francois"]
[Result "1-0"]
[WhiteElo "1711"]
[BlackElo "1700"]
[PlyCount "49"]
[EventDate "2013.01.28"]
[SourceDate "2013.01.30"]

1. e4 c5 2. Nf3 d6 3. d4 cxd4 4. c3 Nf6 5. Bd3 dxc3 6. Nxc3 e6 7. O-O a6 8. Qe2
Nbd7 9. Bg5 Be7 10. Rfd1 O-O 11. e5 dxe5 12. Nxe5 Qc7 13. Bf4 Nxe5 14. Bxe5 Qc5
15. Rac1 b5 16. Nxb5 Qb4 17. a3 Qg4 18. f3 Qg5 19. Nc3 Rd8 20. Bxf6 Qxf6 21.
Qe4 Qh6 22. Qxa8 Qe3+ 23. Kf1 Rxd3 24. Qxc8+ Bd8 25. Qxd8+ 1-0

[Event "Epernay/Chaumont"]
[Site "?"]
[Date "2013.01.27"]
[Round "5"]
[White "Barbier, Alexandre"]
[Black "Leroy, Patrick"]
[Result "0-1"]
[WhiteElo "1180"]
[BlackElo "1790"]
[PlyCount "76"]
[EventDate "2013.01.28"]
[SourceDate "2013.01.30"]

1. e4 e6 2. d4 d5 3. Nc3 dxe4 4. Nxe4 Nd7 5. Bf4 Ngf6 6. Bd3 Nxe4 7. Bxe4 Nf6
8. Bg5 c5 9. Bxf6 Qxf6 10. dxc5 Bxc5 11. Nf3 Qxb2 12. Rb1 Bb4+ 13. Nd2 Bxd2+
14. Kxd2 Qd4+ 15. Bd3 Qxf2+ 16. Qe2 Qxe2+ 17. Kxe2 O-O 18. Rhd1 b6 19. Bb5 Bb7
20. g3 Rfd8 21. Rd7 Rxd7 22. Bxd7 Rd8 23. Rd1 Kf8 24. Bb5 Rxd1 (24... Bf3+) 25.
Kxd1 Ke7 26. Bd3 h6 27. Kd2 e5 28. Ke3 Ke6 29. Bc4+ Bd5 30. Bb3 Bxb3 31. axb3
a5 32. c4 f5 33. h4 g5 34. Kf3 e4+ 35. Ke3 Ke5 36. Ke2 Kd4 37. Kd2 e3+ 38. Ke2
Ke4 0-1

[Event "La Tour du Roi/La Francheville"]
[Site "?"]
[Date "2013.01.27"]
[Round "5"]
[White "Pytel, Krzysztol"]
[Black "Carre, Cédric"]
[Result "1-0"]
[WhiteElo "2317"]
[BlackElo "2066"]
[PlyCount "55"]
[EventDate "2013.01.28"]
[SourceDate "2013.01.30"]

1. g3 d5 2. Bg2 c6 3. d3 Bg4 4. h3 Bh5 5. f4 e6 6. Nf3 Bxf3 7. Bxf3 Bc5 8. e4
Ne7 9. Nd2 Qb6 10. Qe2 Nd7 11. Nb3 Bd6 12. Be3 c5 13. e5 Bc7 14. c4 d4 15. Bf2
O-O 16. O-O f6 17. exf6 Rxf6 18. Nd2 Re8 19. Ne4 Rh6 20. Bg2 e5 21. fxe5 Bxe5
22. a3 Nf5 23. Qg4 Qg6 24. b4 Nf6 25. Nxf6+ Bxf6 26. Qxg6 Rxg6 27. Bd5+ Kh8 28.
Bf7 1-0

[Event "La Tour du Roi/ LaFrancheville"]
[Site "?"]
[Date "2013.01.27"]
[Round "5"]
[White "Halfaoui, Eddine"]
[Black "Fleurentin, Arnaud"]
[Result "1/2-1/2"]
[WhiteElo "1898"]
[BlackElo "1980"]
[PlyCount "48"]
[EventDate "2013.01.28"]
[SourceDate "2013.01.30"]

1. e4 c5 2. Nf3 d6 3. d4 cxd4 4. Nxd4 Nf6 5. Nc3 g6 6. Be3 Bg7 7. f3 O-O 8. Qd2
Nc6 9. O-O-O Nxd4 10. Bxd4 Be6 11. Nd5 Bxd5 12. exd5 Qc7 13. g3 Rfc8 14. Bc3 a5
15. h4 h5 16. Bh3 Rcb8 17. g4 hxg4 18. Bxg4 Nxg4 19. Bxg7 Kxg7 20. fxg4 Qc4 21.
Qd4+ Qxd4 22. Rxd4 Rh8 23. Kd2 b5 24. a3 f6 1/2-1/2

[Event "La Tour du Roi/ LaFrancheville"]
[Site "?"]
[Date "2013.01.27"]
[Round "5"]
[White "Regnier, Cedric"]
[Black "Pytel, Bozena"]
[Result "0-1"]
[WhiteElo "1701"]
[BlackElo "1938"]
[PlyCount "98"]
[EventDate "2013.01.28"]
[SourceDate "2013.01.30"]

1. d4 f5 2. Nc3 Nf6 3. Bg5 e6 4. g3 Be7 5. Bg2 O-O 6. Nf3 c6 7. O-O Na6 8. a3
Nc7 9. e3 d6 10. Bxf6 Bxf6 11. Ne2 Qe7 12. c4 e5 13. Qb3 e4 14. Nd2 Ne6 15. Nc3
Kh8 16. Rae1 Bd7 17. f3 exf3 18. Nxf3 Rab8 19. Qc2 g6 20. Qd2 Qg7 21. Ne2 Rfe8
22. Nf4 Rbd8 23. b3 Bc8 24. Kh1 h6 25. Nxe6 Bxe6 26. Qd3 c5 27. d5 Bc8 28. Re2
Re7 29. Bh3 Rde8 30. Rg1 Re4 31. Nd2 R4e7 32. Nf3 h5 33. Nh4 Qh6 34. Rge1 Bg5
35. Ng2 Bf6 36. Nh4 Qh7 37. Bg2 Qf7 38. Nf3 g5 39. e4 f4 40. gxf4 gxf4 41. h3
Qg6 42. b4 b6 43. Nd2 Bd4 44. Nf3 Qg3 45. Qd2 Be3 46. Qc3+ Rg7 47. Qf6 Bxh3 48.
Nh4 Bxg2+ 49. Nxg2 Qh3# 0-1

[Event "La Tour du Roi/ LaFrancheville"]
[Site "?"]
[Date "2013.01.27"]
[Round "5"]
[White "Louis, André"]
[Black "Brodier, Thierry"]
[Result "1/2-1/2"]
[WhiteElo "1702"]
[BlackElo "1674"]
[PlyCount "122"]
[EventDate "2013.01.28"]
[SourceDate "2013.01.30"]

1. e4 c5 2. Nc3 Nc6 3. g3 e6 4. Bg2 g6 5. d3 Bg7 6. Nge2 Nge7 7. Bf4 d6 8. Rb1
a6 9. O-O O-O 10. Qd2 Nd4 11. Nxd4 cxd4 12. Ne2 e5 13. Bh6 Be6 14. Bxg7 Kxg7
15. a3 Rc8 16. c4 Qd7 17. b4 b5 18. cxb5 axb5 19. Rfc1 Qa7 20. Qb2 Rxc1+ 21.
Rxc1 Rc8 22. h3 Rc7 23. g4 g5 24. Ng3 f6 25. Nh5+ Kf7 26. Bf1 Qb7 27. Ng3 Qc8
28. Rxc7 Qxc7 29. Ne2 Ng6 30. Qc1 Qxc1 31. Nxc1 Nf4 32. Kh2 d5 33. f3 dxe4 34.
fxe4 h6 35. Kg3 h5 36. gxh5 Nxh5+ 37. Kf2 Nf4 38. Kg3 Kg6 39. Kh2 Kh5 40. Kg3
Kg6 41. Kh2 f5 42. Kg3 Nh5+ 43. Kf2 fxe4 44. dxe4 Bd7 45. Nd3 Kf6 46. Nc5 Bc6
47. Kf3 Nf4 48. Kg4 Ne6 49. Nxe6 Kxe6 50. Bd3 Kf6 51. Bc2 Bd7+ 52. Kg3 Bc6 53.
Kg4 Bd7+ 54. Kg3 Bc6 55. Bd3 Kg6 56. h4 gxh4+ 57. Kxh4 Bd7 58. Kg3 Kg5 59. Bc2
Bc6 60. Bd3 Bd7 61. Bc2 Bc6 1/2-1/2

[Event "La Tour du Roi/ LaFrancheville"]
[Site "?"]
[Date "2013.01.27"]
[Round "5"]
[White "Wille, Frederic"]
[Black "Fauchart, Francois"]
[Result "0-1"]
[WhiteElo "1596"]
[BlackElo "1621"]
[PlyCount "92"]
[EventDate "2013.01.28"]
[SourceDate "2013.01.30"]

1. d4 Nf6 2. Nf3 d5 3. e3 Bf5 4. c4 c6 5. cxd5 cxd5 6. Qb3 Qc7 7. Bd2 e6 8.
Bb5+ Nfd7 9. Ne5 Bd6 10. O-O Bxe5 11. dxe5 O-O 12. Bb4 Re8 13. Bd6 Qc2 14. Qxc2
Bxc2 15. Rc1 Bxb1 16. Raxb1 a6 17. Bxd7 Nxd7 18. Rc7 Nb6 19. b3 Rab8 20. Rbc1
Rbc8 21. Kf1 Red8 22. Ke2 Rxc7 23. Rxc7 Rd7 24. Kd3 f6 25. f4 Kf7 26. Kd4 fxe5+
27. fxe5 Kg6 28. Kc5 Rxc7+ 29. Bxc7 Nc8 30. g4 Kg5 31. h3 Kh4 32. Bd8+ Kxh3 33.
g5 Kg4 34. a4 Kf3 35. Kd4 Na7 36. Bb6 Nc6+ 37. Kc5 Ke4 38. Kd6 Nxe5 39. Kxe6 h5
40. Bd4 Nf3 41. Bxg7 Nxg5+ 42. Kf6 Nf3 43. Bh6 h4 44. Bf4 h3 45. Ke6 d4 46.
exd4 Nxd4+ 0-1

[Event "La Tour du Roi/ LaFrancheville"]
[Site "?"]
[Date "2013.01.27"]
[Round "5"]
[White "Mondeel, Paul"]
[Black "Hentzien, Dominique"]
[Result "1-0"]
[WhiteElo "1518"]
[BlackElo "1460"]
[PlyCount "37"]
[EventDate "2013.01.28"]
[SourceDate "2013.01.30"]

1. e4 d5 2. exd5 Nf6 3. d4 Nxd5 4. Nf3 Bg4 5. Be2 Bxf3 6. Bxf3 e6 7. c4 Nb6 8.
Bxb7 Nxc4 9. Qa4+ c6 10. Qxc4 Nd7 11. Bxa8 Qxa8 12. O-O Nb6 13. Qd3 Nd5 14. a3
Bd6 15. Nc3 c5 16. dxc5 Bxc5 17. Qb5+ Kd8 18. Qxc5 Nf4 19. Qd6+ 1-0

[Event "La Tour du Roi/ LaFrancheville"]
[Site "?"]
[Date "2013.01.27"]
[Round "5"]
[White "Bryl, Laura"]
[Black "Lechein, Capucine"]
[Result "1-0"]
[WhiteElo "1199"]
[BlackElo "1099"]
[PlyCount "79"]
[EventDate "2013.01.28"]
[SourceDate "2013.01.30"]

1. e4 e5 2. Nf3 Nc6 3. Bc4 Nh6 4. O-O Bc5 5. d3 O-O 6. Bg5 Ne7 7. Nc3 d6 8. h3
Bd7 9. Nd5 f6 10. Nc3+ Nf7 11. Bh4 Bc6 12. a3 Qd7 13. b4 Bb6 14. Nd5 Bd4 15. c3
Bxc3 16. Nxc3 Rab8 17. Qb3 Qe8 18. b5 Bd7 19. d4 exd4 20. Nxd4 Ng6 21. Nf5 Bxf5
22. exf5 Nxh4 23. Nd5 Rc8 24. Rae1 Ne5 25. Ne3+ Kh8 26. Bd5 Rb8 27. Nc2 Nxf5
28. Nb4 Qxb5 29. a4 Qc5 30. Be6 Nd4 31. Qg3 Nxe6 32. Rb1 Qa5 33. Rfe1 Qxa4 34.
Re4 Ng5 35. Rf4 c5 36. Qh4 cxb4 37. Qh5 g6 38. Qh6 Ne6 39. Rh4 Rfc8 40. Qxh7#
1-0

[Event "N4 Echiquier Aubois - Bogny"]
[Site "?"]
[Date "2013.01.27"]
[Round "5"]
[White "Ferrand, Christophe"]
[Black "Alcidi, Valentin"]
[Result "1/2-1/2"]
[WhiteElo "1886"]
[BlackElo "1826"]
[PlyCount "94"]
[EventDate "2013.01.27"]
[SourceDate "2013.01.27"]

1. e4 e5 2. Nf3 Nc6 3. d4 exd4 4. Nxd4 Bc5 5. Be3 Qf6 6. c3 Nge7 7. Bc4 d6 8.
O-O Ne5 9. Be2 Qg6 10. Nd2 Bh3 11. Bf3 O-O 12. Kh1 Nxf3 13. Qxf3 Bg4 14. Qg3
Bd7 15. Rac1 Qxg3 16. hxg3 Rae8 17. N4b3 Bb6 18. Bxb6 axb6 19. f4 Nc6 20. Nd4
Ra8 21. a3 Nxd4 22. cxd4 Ra4 23. Nf3 Bg4 24. Rcd1 Re8 25. Rfe1 Kf8 26. Kg1 c6
27. Rd2 c5 28. dxc5 dxc5 29. Ne5 Bc8 30. Kf2 Ke7 31. Kf3 f6 32. Ng4 h5 33. Ne3
Kf7 34. Nd5 Bg4+ 35. Kf2 Raxe4 36. Rxe4 Rxe4 37. Nxb6 Rd4 38. Ke3 Rxd2 39. Kxd2
Ke6 40. Kd3 Kd6 41. Nc4+ Kc6 42. Ne3 Be6 43. Ke4 b6 44. Nf5 Bd5+ 45. Ke3 g5 46.
fxg5 fxg5 47. Ne7+ Kd6 1/2-1/2

[Event "N4 Echiquier Aubois - Bogny"]
[Site "?"]
[Date "2013.01.27"]
[Round "5"]
[White "Leghbali, Sophiane"]
[Black "Guyot, Philippe"]
[Result "1/2-1/2"]
[WhiteElo "1894"]
[BlackElo "1983"]
[PlyCount "81"]
[EventDate "2013.01.27"]
[SourceDate "2013.01.27"]

1. e4 e6 2. d4 d5 3. exd5 exd5 4. Bd3 Nc6 5. Nf3 Bg4 6. c3 Bd6 7. O-O Nge7 8.
Re1 Qd7 9. Nbd2 f6 10. Nf1 O-O-O 11. Ng3 h5 12. h3 h4 13. Nf1 Bf5 14. Ne3 Be6
15. Qc2 g5 16. Nh2 Bxh2+ 17. Kxh2 g4 18. Nxg4 Bxg4 19. hxg4 Qxg4 20. Qe2 Qg7
21. Qe6+ Kb8 22. Qh3 Ng8 23. Bd2 Nh6 24. Re2 Nf7 25. Rae1 Ng5 26. Bxg5 fxg5 27.
Qg4 Rhf8 28. Kg1 a6 29. Re6 Rf4 30. Qh5 Rf6 31. Re8 Rf8 32. Rxf8 Rxf8 33. Qg6
Qxg6 34. Bxg6 Kc8 35. Re8+ Rxe8 36. Bxe8 Ne7 37. Kh2 Kd8 38. Bf7 Nf5 39. Bxd5
b6 40. Kh3 Ke7 41. Kg4 1/2-1/2

[Event "N4 Echiquier Aubois - Bogny"]
[Site "?"]
[Date "2013.01.27"]
[Round "5"]
[White "Moine, Patrick"]
[Black "Flamant, Jacky"]
[Result "1-0"]
[WhiteElo "1853"]
[BlackElo "1782"]
[PlyCount "101"]
[EventDate "2013.01.27"]
[SourceDate "2013.01.27"]

1. d4 Nf6 2. c4 e5 3. d5 Bc5 4. e3 d6 5. Nc3 O-O 6. Qc2 c6 7. Bd3 cxd5 8. Nxd5
Nbd7 9. Ne2 Re8 10. Ng3 e4 11. Nxe4 Nxd5 12. cxd5 Bb4+ 13. Bd2 Bxd2+ 14. Qxd2
Ne5 15. O-O Nxd3 16. Qxd3 Bf5 17. f3 Rc8 18. Qd4 Qe7 19. Ng3 Bd7 20. e4 a6 21.
Rac1 Qg5 22. Rc3 h5 23. Rfc1 Rxc3 24. Rxc3 h4 25. Nf1 h3 26. Qf2 hxg2 27. Qxg2
Qh6 28. Ne3 Re5 29. Qf2 Rg5+ 30. Kh1 Bh3 31. Ng4 Bxg4 32. fxg4 Rxg4 33. Qf5 Rg6
34. Rc8+ Kh7 35. Qxf7 Rf6 36. Qg8+ Kg6 37. Qe8+ Kh7 38. Qh8+ Kg6 39. Qxh6+ gxh6
40. Kg2 Kg5 41. Kg3 h5 42. h4+ Kg6 43. Rb8 Rf7 44. Rd8 Kf6 45. Rxd6+ Ke5 46.
Re6+ Kd4 47. d6 Rd7 48. Kf4 Kc5 49. e5 Rf7+ 50. Kg5 Kd5 51. Re7 1-0

[Event "N4 Echiquier Aubois - Bogny"]
[Site "?"]
[Date "2013.01.27"]
[Round "5"]
[White "Prioux, Michel"]
[Black "Hascher, Nicolas"]
[Result "0-1"]
[WhiteElo "1774"]
[BlackElo "1948"]
[PlyCount "68"]
[EventDate "2013.01.27"]
[SourceDate "2013.01.27"]

1. c4 Nf6 2. g3 c6 3. Bg2 d5 4. b3 g6 5. Bb2 Bg7 6. Nf3 O-O 7. O-O Nbd7 8. d3
Qc7 9. Nbd2 e5 10. Qc2 d4 11. b4 a5 12. a3 c5 13. bxc5 Nxc5 14. a4 Bd7 15. e3
e4 16. Nxd4 exd3 17. Qd1 Rfe8 18. Nb5 Bxb5 19. cxb5 Rad8 20. Bd4 Nd5 21. Rc1 b6
22. Nb3 Nb4 23. Nxc5 bxc5 24. Rxc5 Qd6 25. Rc4 Qe6 26. Rxb4 axb4 27. Qxd3 Bxd4
28. exd4 Qa2 29. Bc6 Re6 30. d5 Rxc6 31. bxc6 Rxd5 32. Qa6 Qc2 33. Qa8+ Kg7 34.
c7 Rc5 0-1

[Event "N4 Echiquier Aubois - Bogny"]
[Site "?"]
[Date "2013.01.27"]
[Round "5"]
[White "Brun, Franck"]
[Black "Renard, Luc"]
[Result "1-0"]
[WhiteElo "1791"]
[BlackElo "1734"]
[PlyCount "57"]
[EventDate "2013.01.27"]
[SourceDate "2013.01.27"]

1. e4 e6 2. Nf3 d5 3. e5 c5 4. b4 cxb4 5. a3 Nc6 6. axb4 Bxb4 7. c3 Be7 8. d4
f6 9. Nh4 g6 10. Nf3 fxe5 11. dxe5 Qc7 12. Bf4 a6 13. Bd3 Bc5 14. O-O Qf7 15.
Qd2 Nge7 16. Bg5 Ng8 17. Na3 h6 18. Qc2 Nge7 19. Bf6 Rg8 20. Nb5 Rb8 21. Nbd4
Bxd4 22. cxd4 Nf5 23. Qc5 Qf8 24. Qb6 Qb4 25. Qc7 Nfxd4 26. Nxd4 Qxd4 27. Qh7
Qxd3 28. Qxg8+ Kd7 29. Qf7+ 1-0

[Event "N4 Echiquier Aubois - Bogny"]
[Site "?"]
[Date "2013.01.27"]
[Round "5"]
[White "Waczecka, Jerome"]
[Black "Guillaume, Jean-francois"]
[Result "1-0"]
[WhiteElo "1719"]
[BlackElo "1843"]
[PlyCount "131"]
[EventDate "2013.01.27"]
[SourceDate "2013.01.27"]

1. d4 Nf6 2. Nf3 e6 3. Bg5 h6 4. Bh4 d5 5. Nbd2 Be7 6. c3 c6 7. e3 Nbd7 8. Bd3
a6 9. Qc2 c5 10. O-O O-O 11. Ne5 Nxe5 12. dxe5 Nd7 13. Bxe7 Qxe7 14. f4 b5 15.
Nf3 Bb7 16. Qf2 Rad8 17. Qg3 Nb6 18. Nh4 Nc4 19. Rf2 d4 20. exd4 cxd4 21. b3
dxc3 22. bxc4 Rxd3 23. Qxd3 Qxh4 24. cxb5 axb5 25. Qxb5 Qe7 26. Rc2 Rc8 27.
Rac1 Bd5 28. Qd3 Qb7 29. Qe2 Qb4 30. Qe3 g6 31. Rxc3 Rxc3 32. Rxc3 Qb1+ 33. Qc1
Qxa2 34. Rc2 Qa7+ 35. Rf2 Kg7 36. h3 Qd4 37. Qd2 Qa1+ 38. Rf1 Qa7+ 39. Qf2 Qe7
40. Kh2 Qd8 41. g4 Qc7 42. Qb2 Qc4 43. Qf2 Qc3 44. Qg3 Qd2+ 45. Qf2 Qc3 46. Qe2
Bc4 $11 47. Qf3 Qd2+ 48. Qf2 Qc3 49. Re1 Qd3 50. f5 gxf5 51. gxf5 Qxf5 52. Qxf5
exf5 53. Rg1+ Kf8 54. Kg3 f6 55. Kf4 Kf7 56. h4 fxe5+ 57. Kxf5 Be6+ 58. Kxe5 h5
59. Ra1 Bg4 60. Ra7+ Kg6 61. Ra6+ Kg7 62. Kf4 Kf7 63. Kg5 Be2 64. Ra7+ Kf8 65.
Kf6 Ke8 66. Re7+ 1-0

[Event "N4 Rethe l/ Blagny"]
[Site "?"]
[Date "2013.01.27"]
[Round "5.1"]
[White "Vedovotto, Nicolas"]
[Black "Fourcart, Maxence"]
[Result "1/2-1/2"]
[WhiteElo "2078"]
[BlackElo "2071"]
[PlyCount "41"]
[EventDate "2013.01.27"]
[SourceDate "2013.01.27"]

1. Nc3 d5 2. e4 c6 3. Nf3 Bg4 4. h3 Bxf3 5. Qxf3 dxe4 6. Nxe4 Nd7 7. d4 Ngf6 8.
Nxf6+ Nxf6 9. c3 e6 10. Bd3 Bd6 11. Bg5 h6 12. Bh4 Qe7 13. O-O-O O-O-O 14. Kb1
Rd7 15. Rhe1 Qd8 16. Bc2 Re8 17. Bb3 a6 18. a3 Qb6 19. c4 g5 20. Bg3 Bxg3 21.
fxg3 1/2-1/2

[Event "N4 Rethe l/ Blagny"]
[Site "?"]
[Date "2013.01.27"]
[Round "5.2"]
[White "Monaville, Guy"]
[Black "Sohier, Renaud"]
[Result "1/2-1/2"]
[WhiteElo "2119"]
[BlackElo "2002"]
[PlyCount "21"]
[EventDate "2013.01.27"]
[SourceDate "2013.01.27"]

1. e4 e5 2. f4 exf4 3. Nf3 Be7 4. Bc4 Bh4+ 5. Kf1 d6 6. d4 Be6 7. Qd3 Nh6 8.
Bxe6 fxe6 9. Qb5+ Kf8 10. Bxf4 (10. Qxb7 Nd7) 10... Qf6 11. Bg5 (11. Bxd6+ cxd6
12. Qxb7 Qf4 13. Nc3 {1-0}) 1/2-1/2